000 00386nam a2200133Ia 4500
008 191014s9999 xx 000 0 und d
020 _a981-02-3361-2
082 _a539.7
_bALE
100 _aAlessandro G. Ruggiero
_920558
245 0 _aHadron Colliders at the Highest Energy and Luminosity
260 _aSingapore
_bWorld Scientific Company
_c1998
300 _aVii,298
942 _cBK
999 _c531151
_d531151